| 000 | 00726nam a2200241Ia 4500 | ||
|---|---|---|---|
| 003 | OSt | ||
| 005 | 20220926030333.0 | ||
| 006 | a|||||r|||| 00| 0 | ||
| 007 | ta | ||
| 008 | 220923b |||||||| |||| 00| 0 eng d | ||
| 037 | _cGeneral Book | ||
| 040 |
_aRTL _cRTL _beng |
||
| 041 |
_2eng _aeng |
||
| 082 | _aY:3217.213.N6, K6 | ||
| 100 |
_aBanerjee Bhavani _9137215 |
||
| 245 | 0 | _aMarriage and kinship of the Gangadikara Vokkaligas of mysore | |
| 260 |
_aPoona _bDeccan College India _c1966 |
||
| 300 |
_axxiv,211p _ccm. |
||
| 490 | _aDeccan College ,disseration series | ||
| 500 | _aBibliography P 211 | ||
| 942 |
_hY:3217.213.N6, K6 _cGB _2CC |
||
| 999 |
_c649379 _d649379 |
||